[Event "Carlos Torre Memorial op 18th"]
[Site "Merida"]
[Date "2005.12.15"]
[Round "1"]
[White "De la Paz Perdomo, Frank"]
[Black "Godinez, Aguilar Ramon"]
[Result "1-0"]
[WhiteElo "2456"]
[BlackElo "1996"]
[PlyCount "85"]
[EventDate "2005.12.15"]
[EventType "swiss"]
[EventRounds "9"]
[EventCountry "MEX"]
[SourceTitle "EXT 2007"]
[Source "ChessBase"]
[SourceDate "2006.11.23"]
[SourceVersion "1"]
[SourceVersionDate "2006.11.23"]
[SourceQuality "1"]

1. e4 c5 2. Nf3 d6 3. d4 cxd4 4. Nxd4 Nf6 5. Nc3 a6 6. Be3 e5 7. Nb3 b5 8. f3 Be6 9. Nd5 Nxd5 10. exd5 Bf5 11. g4 Bg6 12. h4 h5 13. g5 Be7 14. Bd3 0-0 15. Qd2 Qd7 16. 0-0-0 a5 17. Kb1 a4 18. Nc1 a3 19. b3 Bd8 20. Qb4 Bxd3 21. Nxd3 Na6 22. Qe4 g6 23. Bc1 Qa7 24. f4 exf4 25. Qxf4 Bc7 26. Rhe1 Nc5 27. Nb4 Qa5 28. Bd2 Qb6 29. Nc6 Na4 30. bxa4 bxa4+ 31. Bb4 Rae8 32. Kc1 Qb5 33. Rxe8 Rxe8 34. c4 Qb6 35. Qd4 Qxd4 36. Rxd4 Re2 37. Bd2 Bb6 38. Kd1 Re8 39. Rf4 Bc5 40. Kc2 Be3 41. Rf3 Bxd2 42. Kxd2 Re4 43. c5 1-0